000 01194naa a22003137a 4500
001 BR8708026
003 BR-BrBNA
005 20250721154537.0
007 ta
008 250630b bl.|||m| |||| 00| 0 por d
040 _aBR-BrBNA
_bpor
_cBiblioteca Nacional de Agricultura
041 _a(Pt)
072 _aP40
_b0336
090 _aP40 BR8708026
100 1 _aVernetti, F. de J.
100 1 _aVernetti, V.P.
100 1 _aSilveira Junior, P.
245 1 _aBioclimatologia de cultivares de soja - 1982/83
246 1 _aClimatology of soybeans' cultivars - 1982/83]
246 1 _a[Soybeans. Results of research 1982/83]
500 _aSoja. Resultados de pesquisa 1982/83 Brasilia, DF (Brasil): Empresa Brasileira de Pesquisa Agropecuaria. Depto. de Difusao de Tecnologia, 1986. p. 83-105 [24 tables] (BR8708026-AMS)
773 0 _tSoja. Resultados de pesquisa 1982/83
_wP40 BR8708026
_gBrasilia, DF (Brasil), 1986. p. 83-105
650 _aSOJA
650 _aVARIEDADE
650 _aBIOCLIMATOLOGIA
490 _aDocumentos - Centro de Pesquisa Agropecuaria de Terras Baixas de Clima Temperado (Brazil)
_vno. 13
942 _cAMS
_2AGRIS
909 _a202506
_bLúcia
_c55
_dLúcia Elande
999 _c335529
_d335529